01420nam a2200325Ia 4500001001200000003000800012006001900020007001500039008004100054040002100095035002100116050002700137100001900164245016600183260006400349300001800413490003500431500004200466500001700508504005200525533015200577650003800729650003900767650003200806655002900838710004800867710001700915830003600932856012600968ebr10380690CaPaEBRm u cr cn|||||||||070104s2006 dcua sb i000 0 eng d aCaPaEBRcCaPaEBR a(OCoLC)69858551314aHG3873.B55bI55 2006eb1 aIimi, Atsushi.10aExchange rate misalignmenth[electronic resource] :ban application of the behavioral equilibrium exchange rate (BEER) to Botswana /c[prepared by] Atsushi Iimi. a[Washington, D.C.?] :bInternational Monetary Fund,cc2006. a29 p. :bill.1 aIMF working paper ;vWP/06/140 aAt head of title: African Department. a"June 2006." aIncludes bibliographical references (p. 27-29). aElectronic reproduction.bPalo Alto, Calif. :cebrary,d2011.nAvailable via World Wide Web.nAccess may be limited to ebrary affiliated libraries. 0aForeign exchange rateszBotswana. 0aForeign exchange marketzBotswana. 0aFinancial criseszBotswana. 7aElectronic books.2local2 aInternational Monetary Fund.bAfrican Dept.2 aebrary, Inc. 0aIMF working paper ;vWP/06/140.40uhttp://site.ebrary.com/lib/rucke/Doc?id=10380690zAn electronic book accessible through the World Wide Web; click to view